[Event "Winnipeg op"]
[Site "Winnipeg CAN"]
[Date "1996.??.??"]
[Round "5"]
[White "Langner, David"]
[Black "Yoos, John"]
[Result "0-1"]
[WhiteElo "2275"]
[BlackElo "2335"]
[PlyCount "100"]
[EventDate "1996.??.??"]
[EventCountry "CAN"]

1. e4 c5 2. Nf3 d6 3. d4 cxd4 4. Nxd4 Nf6 5. Nc3 g6 6. Be3 Bg7 7. f3 Nc6 8. Qd2
O-O 9. Bc4 Bd7 10. O-O-O Qa5 11. Bb3 Rfc8 12. Kb1 Ne5 13. Bg5 Rc5 14. Rhe1 b5
15. f4 Nc4 16. Bxc4 bxc4 17. e5 dxe5 18. fxe5 Rxe5 19. Nf3 Rxe1 20. Qxe1 Bg4
21. Bxf6 Bxf6 22. Nd5 Qxe1 23. Nxf6+ Kg7 24. Rxe1 Kxf6 25. Ne5 Be6 26. b3 cxb3
27. axb3 Rc8 28. c4 h5 29. Kc2 h4 30. Nf3 h3 31. g3 Rc5 32. Nd4 Bd7 33. Kd3 Ra5
34. Re2 e5 35. Rf2+ Ke7 36. Nf3 Bg4 37. Ke3 Bxf3 38. Kxf3 f5 39. g4 f4 40. Ke4
Ke6 41. Rf3 Ra1 42. Rxh3 Re1+ 43. Kf3 Rb1 44. Ke4 Re1+ 45. Kf3 Kf6 46. Kf2 Rb1
47. Rc3 Rb2+ 48. Kg1 e4 49. c5 e3 50. c6 Rb1+ 0-1